000 nam a22 a 4500
999 _c339
_d339
003 AKMAL
005 20170503120210.0
008 170503s2000 -us e 000 0 eng d
020 _a0749433264 (pbk.)
040 _aAKMAL
082 0 4 _a004.692 FLY
_221
090 0 0 _a004.692
_bFLY
100 1 _aFlynn, Nancy L.,
_d1956-
_9770
245 1 0 _aWriting effective e-mail /
_cNancy Flynn and Tom Flynn
260 _aLondon :
_bKogan Page,
_c2000
300 _aviii, 82p. ;
_c22cm.
490 1 _aCreating success
500 _aPublished in association with the Sunday Times
650 1 0 _aElectronic mail systems
_9771
650 2 0 _aElectronic systems
_9772
700 1 _aFlynn, Tom
_9773
710 2 _aThe Sunday Times
_9774
830 0 _aCreating success
_9775
942 _2ddc
_cBOOK